| 000 | 00852nam a2200241 i 4500 | ||
|---|---|---|---|
| 001 | 144905 | ||
| 003 | ES-MaACL | ||
| 005 | 20230906201126.0 | ||
| 007 | t| | ||
| 008 | 070214s1984 sp d 00110 eng d | ||
| 020 | _a84-253-1184-5 | ||
| 080 | _a806.0-3=20 | ||
| 080 | _a802.0-3=60 | ||
| 100 | 1 |
_aSmith, Colin. _9106858 |
|
| 245 | 1 | 0 |
_aCollins, Spanish-English, English-Spanish dictionary / _cby Colin Smith in collaboration with Manuel Bermejo Marcos and Eugenio Chang-Rodríguez. |
| 260 |
_aBarcelona ; _aLondon : _bGrijalbo : _b; Collins, _c1984. |
||
| 300 |
_a2 t. en 1 v. ; _c25 cm. |
||
| 650 | 4 |
_aLengua española- _vDiccionarios- _xInglés. _914142 |
|
| 650 | 4 |
_aLengua inglesa- _vDiccionarios- _xEspañol. _914270 |
|
| 700 | 1 |
_aBermejo Marcos, Manuel. _928111 |
|
| 700 | 1 |
_aChang-Rodríguez, Eugenio. _937971 |
|
| 852 | 4 |
_aES-MaACL _jL-7397 |
|
| 999 |
_c144905 _d144905 |
||